A la recherche de l'ecole de demain : le Groupe experimental de pedagogie active du XXe arrondissement de Paris

Αποθηκεύτηκε σε:
Λεπτομέρειες βιβλιογραφικής εγγραφής
Άλλοι συγγραφείς: Gloton, Robert (Διευθυντής)
Μορφή: Βιβλίο
Γλώσσα:French
Δημοσίευση: Paris : Librairie Armand Colin, c1970
Έκδοση:2nd ed.
Σειρά:Collection Bourrelier
Θέματα:
Ετικέτες: Προσθήκη ετικέτας
Δεν υπάρχουν, Καταχωρήστε ετικέτα πρώτοι!

MARC

LEADER 00000nam a2200000 i 4500
001 1/23361
008 960715s1970 fre d
035 |a 1989  |b 1  |c Καϊλα  |l 10036823 
040 |a GR-MY-UA  |b gre  |e aacr 
041 0 |a fre 
082 0 |a 370.1 
245 1 2 |a A la recherche de l'ecole de demain :  |b le Groupe experimental de pedagogie active du XXe arrondissement de Paris /  |c sous la direction de Robert Gloton ; avec la collaboration de Jean Barberet ...[et al.] 
250 |a 2nd ed. 
260 |a Paris :   |b Librairie Armand Colin,   |c c1970 
300 |a 255 p. 
490 1 |a Collection Bourrelier. Cahiers de pedagogie moderne  |v ; 43 
650 0 0 |a Education  |x Experimental methods. 
700 1 |a Gloton, Robert.  |4 drt 
830 0 |a Collection Bourrelier 
852 |a INST  |b RHODES  |e 19960715  |h 370.1 ALA  |p 005400008978  |q 005400008978  |t BK  |y 0 
909 |a Ρ  |b 013791  |c 1989